[Event "AUT-chT2O 2122"]
[Site "Austria"]
[Date "2022.03.12"]
[Round "8.5"]
[White "Wetscherek, Gerhard"]
[Black "Herman, Diego"]
[Result "1/2-1/2"]
[WhiteElo "2114"]
[BlackElo "2195"]
[PlyCount "32"]
[EventDate "2021.10.16"]
[EventType "team-tourn"]
[EventRounds "11"]
[EventCountry "AUT"]
[SourceTitle "EXT 2024"]
[Source "ChessBase"]
[SourceDate "2023.10.10"]
[SourceVersion "1"]
[SourceVersionDate "2023.10.10"]
[SourceQuality "1"]
[WhiteTeam "Ottakring"]
[BlackTeam "Wien Austria"]
[WhiteTeamCountry "AUT"]
[BlackTeamCountry "AUT"]

1. e4 g6 2. d4 Bg7 3. c4 d6 4. Nc3 Nc6 5. d5 Nd4 6. Be3 c5 7. Nge2 Bg4 8. f3 Bxf3 9. Qa4+ Kf8 10. gxf3 Nxf3+ 11. Kf2 Ne5 12. Bh3 Nd3+ 13. Kg2 Nxb2 14. Qb3 Qb6 15. Rab1 Qxb3 16. axb3 Nd3 1/2-1/2

[Event "Niederoesterreich Landesliga 1920"]
[Site "Austria"]
[Date "2019.11.24"]
[Round "4.3"]
[White "Wetscherek, Gerhard"]
[Black "Rechberger, Franz"]
[Result "1/2-1/2"]
[WhiteElo "2097"]
[BlackElo "2108"]
[PlyCount "68"]
[EventDate "2019.09.22"]
[EventType "team-tourn"]
[EventRounds "9"]
[EventCountry "AUT"]
[SourceTitle "CBM 195 Extra"]
[Source "ChessBase"]
[SourceDate "2020.05.31"]
[SourceVersion "1"]
[SourceVersionDate "2020.05.31"]
[SourceQuality "1"]
[WhiteTeam "Bisamberg/Korneuburg"]
[BlackTeam "Amstetten"]
[WhiteTeamCountry "AUT"]
[BlackTeamCountry "AUT"]

1. e4 e5 2. Nf3 Nc6 3. Bc4 Bc5 4. c3 Nf6 5. d4 exd4 6. e5 d5 7. Bb5 Ne4 8. cxd4 Bb6 9. Be3 Bg4 10. h3 Bxf3 11. gxf3 Ng5 12. Nc3 0-0 13. Bxc6 bxc6 14. f4 Ne4 15. Nxe4 dxe4 16. f5 Qd5 17. f6 g6 18. Qg4 Bxd4 19. Bxd4 Qxd4 20. Qg5 Qb4+ 21. Kf1 Rfe8 22. Kg2 Qc5 23. Qh6 Qf8 24. Qf4 Rab8 25. Rhe1 Rxb2 26. Rxe4 Rb5 27. a4 Rd5 28. Rb1 c5 29. Rb7 a6 30. Rxc7 Rc8 31. Re7 Re8 32. Rc7 Rc8 33. Re7 Re8 34. Rc7 Rc8 1/2-1/2

[Event "Niederoesterreich Landesliga 1718"]
[Site "Austria"]
[Date "2017.11.26"]
[Round "5.1"]
[White "Wetscherek, Gerhard"]
[Black "Khalakhan, Jurij"]
[Result "0-1"]
[WhiteElo "2041"]
[BlackElo "2199"]
[PlyCount "70"]
[EventDate "2017.10.01"]
[EventType "team-tourn"]
[EventRounds "11"]
[EventCountry "AUT"]
[SourceTitle "EXT 2019"]
[Source "ChessBase"]
[SourceDate "2018.10.10"]
[SourceVersion "1"]
[SourceVersionDate "2018.10.10"]
[SourceQuality "1"]
[WhiteTeam "Bisamberg/Korneuburg"]
[BlackTeam "Litschau/Eisgarn"]
[WhiteTeamCountry "AUT"]
[BlackTeamCountry "AUT"]

1. e4 c5 2. Nf3 e6 3. c3 d5 4. exd5 Qxd5 5. d4 Nf6 6. Be2 Be7 7. 0-0 0-0 8. dxc5 Bxc5 9. Bg5 Nbd7 10. Qc2 a6 11. Nbd2 b5 12. Nb3 Be7 13. a4 b4 14. c4 Qc6 15. Nfd4 Qc7 16. Rac1 Ng4 17. Bxg4 Bxg5 18. Rcd1 Bb7 19. Bf3 Bxf3 20. Nxf3 Bf6 21. Nbd2 b3 22. Nxb3 Rab8 23. Rd3 Rb4 24. c5 Rfb8 25. Rfd1 Nb6 26. Nfd2 Nxa4 27. c6 Rc8 28. Rc1 Bxb2 29. Rd7 Qb6 30. Rd1 g6 31. Ne4 Rxc6 32. Qe2 Rxb3 33. Nd6 Rxd6 34. R7xd6 Qb5 35. Qe4 Nc3 0-1

[Event "Niederoesterreich Landesliga 1617"]
[Site "Austria"]
[Date "2017.02.26"]
[Round "8.4"]
[White "Schmid, Thomas"]
[Black "Wetscherek, Gerhard"]
[Result "0-1"]
[WhiteElo "2110"]
[BlackElo "2137"]
[PlyCount "56"]
[EventDate "2016.10.02"]
[EventType "team-tourn"]
[EventRounds "11"]
[EventCountry "AUT"]
[SourceTitle "EXT 2018"]
[Source "ChessBase"]
[SourceDate "2017.10.13"]
[SourceVersion "1"]
[SourceVersionDate "2017.10.13"]
[SourceQuality "1"]
[WhiteTeam "Stockerau"]
[BlackTeam "Bisamberg/Korneuburg"]
[WhiteTeamCountry "AUT"]
[BlackTeamCountry "AUT"]

1. e4 d6 2. d4 g6 3. Nc3 Bg7 4. f4 Nf6 5. Nf3 Bg4 6. h3 Bxf3 7. Qxf3 c6 8. Be3 e6 9. 0-0-0 Qa5 10. Kb1 b5 11. Bxb5 0-0 12. Bc4 Nbd7 13. g4 Nb6 14. Be2 Rab8 15. Bf1 d5 16. e5 Nfd7 17. h4 c5 18. dxc5 Nxc5 19. g5 Rfc8 20. Bd2 Nba4 21. Nxa4 Qxa4 22. b3 Qc6 23. Be1 Bf8 24. h5 Na4 25. c4 Qc5 26. Ka1 Qa3 27. Rb1 dxc4 28. Bd2 Bc5 0-1

[Event "Niederoesterreich Landesliga 1516"]
[Site "Austria"]
[Date "2015.09.27"]
[Round "1.4"]
[White "Neumann, Christian"]
[Black "Wetscherek, Gerhard"]
[Result "0-1"]
[WhiteElo "1997"]
[BlackElo "2108"]
[PlyCount "69"]
[EventDate "2015.09.27"]
[EventType "team-tourn"]
[EventRounds "11"]
[EventCountry "AUT"]
[SourceTitle "CBM 170 Extra"]
[Source "ChessBase"]
[SourceDate "2016.02.25"]
[SourceVersion "1"]
[SourceVersionDate "2016.02.25"]
[SourceQuality "1"]
[WhiteTeam "Boehlerwerk"]
[BlackTeam "Bisamberg/Korneuburg"]
[WhiteTeamCountry "AUT"]
[BlackTeamCountry "AUT"]

1. c4 Nf6 2. Nf3 g6 3. b3 Bg7 4. Bb2 0-0 5. e3 d6 6. d4 Bg4 7. Be2 Nbd7 8. Nc3 c6 9. 0-0 Qc7 10. Rc1 a6 11. Qc2 Rac8 12. Qb1 e5 13. Rfd1 Rfe8 14. dxe5 Nxe5 15. Ba3 Rcd8 16. Nd4 d5 17. cxd5 Nxd5 18. Nxd5 Rxd5 19. Bxg4 Nxg4 20. Nf3 Red8 21. h3 Ne5 22. Nxe5 Bxe5 23. Rxd5 Rxd5 24. Bb2 Bxb2 25. Qxb2 Qd6 26. b4 Rd2 27. Qb1 Qf6 28. Rf1 Rb2 29. Qa1 Kg7 30. a3 Rxf2 31. Qxf6+ Rxf6 32. Rd1 Re6 33. Kf2 Kf6 34. Rd7 Re7 35. g4 0-1

[Event "Niederoesterreich Landesliga 1415"]
[Site "Austria"]
[Date "2014.11.23"]
[Round "4.1"]
[White "Groetz, Harald"]
[Black "Wetscherek, Gerhard"]
[Result "1-0"]
[WhiteElo "2312"]
[BlackElo "2077"]
[PlyCount "69"]
[EventDate "2014.10.05"]
[EventType "team-tourn"]
[EventRounds "11"]
[EventCountry "AUT"]
[SourceTitle "EXT 2016"]
[Source "ChessBase"]
[SourceDate "2015.10.08"]
[SourceVersion "1"]
[SourceVersionDate "2015.10.08"]
[SourceQuality "1"]
[WhiteTeam "Stockerau II"]
[BlackTeam "Bisamberg/Korneuburg"]
[WhiteTeamCountry "AUT"]
[BlackTeamCountry "AUT"]

1. e4 d6 2. d4 g6 3. Be3 Bg7 4. Qd2 c5 5. Ne2 cxd4 6. Nxd4 Nc6 7. Nc3 Nf6 8. f3 h5 9. Bc4 Bd7 10. 0-0-0 Rc8 11. Bb3 Na5 12. Kb1 Nc4 13. Bxc4 Rxc4 14. Nde2 Qa5 15. h4 b5 16. Bd4 Kf8 17. e5 dxe5 18. Bxe5 Bc6 19. Nd4 Be8 20. Qd3 a6 21. Rhe1 Qb6 22. Ne4 Nxe4 23. Bxg7+ Kxg7 24. Qxe4 Rf8 25. Qxe7 Kg8 26. Re4 Rc7 27. Qg5 Rc5 28. Qe3 Rc8 29. g4 hxg4 30. h5 gxf3 31. Qxf3 Bc6 32. Qf6 Qd8 33. Re7 Be4 34. h6 Bxc2+ 35. Ka1 1-0

[Event "Styrian op-A"]
[Site "Bad Gleichenberg"]
[Date "2014.07.07"]
[Round "3"]
[White "Wetscherek, Gerhard"]
[Black "Weber, Dirk"]
[Result "1/2-1/2"]
[WhiteElo "2103"]
[BlackElo "2240"]
[PlyCount "113"]
[EventDate "2014.07.05"]
[EventType "swiss"]
[EventRounds "9"]
[EventCountry "AUT"]
[SourceTitle "CBM 161 Extra"]
[Source "ChessBase"]
[SourceDate "2014.08.29"]
[SourceVersion "1"]
[SourceVersionDate "2014.08.29"]
[SourceQuality "1"]

1. e4 e6 2. d4 d5 3. e5 c5 4. c3 Nc6 5. Nf3 Nh6 6. g3 Qb6 7. Bh3 cxd4 8. cxd4 Nf5 9. Bxf5 exf5 10. 0-0 h6 11. Nc3 Be6 12. h4 Be7 13. Kg2 0-0 14. Rb1 Rac8 15. Be3 Rfd8 16. Qd2 Bf8 17. Rfc1 Qa6 18. Ne1 b5 19. Qe2 Nxe5 20. Qxb5 Qxb5 21. Nxb5 Nc6 22. Nd3 a6 23. Nc3 Be7 24. Na4 Nb4 25. Nxb4 Bxb4 26. a3 Be7 27. b4 a5 28. Nc5 axb4 29. axb4 g5 30. hxg5 hxg5 31. Ra1 Rb8 32. Rcb1 Rb5 33. Ra6 Bc8 34. Ra5 Rb6 35. Bd2 Kg7 36. Ra7 Bf6 37. Bc3 Rb5 38. Rba1 Kg6 39. Rc7 Be6 40. Ra6 Re8 41. Rcc6 f4 42. gxf4 gxf4 43. Kf3 Kf5 44. Ra5 Rbb8 45. Na6 Rbc8 46. Rxc8 Rxc8 47. Nc5 Rh8 48. Ke2 f3+ 49. Kd3 Kg4 50. Bd2 Bf5+ 51. Kc3 Rh1 52. b5 Bd8 53. Ra8 Bc7 54. Ra7 Bd8 55. Ra8 Bc7 56. Ra7 Bd8 57. Ra8 1/2-1/2

[Event "Oberwart op"]
[Site "Oberwart"]
[Date "2011.07.17"]
[Round "9"]
[White "Wetscherek, Gerhard"]
[Black "Steiner, Peter"]
[Result "1/2-1/2"]
[WhiteElo "2123"]
[BlackElo "2030"]
[PlyCount "83"]
[EventDate "2011.07.09"]
[EventType "swiss"]
[EventRounds "9"]
[EventCountry "AUT"]
[SourceTitle "CBM 143 Extra"]
[Source "ChessBase"]
[SourceDate "2011.08.29"]
[SourceVersion "1"]
[SourceVersionDate "2011.08.29"]
[SourceQuality "1"]

1. e4 c5 2. Nf3 Nc6 3. c3 d5 4. exd5 Qxd5 5. d4 Bg4 6. Be2 cxd4 7. cxd4 e6 8. 0-0 Nf6 9. Nc3 Qa5 10. h3 Bh5 11. Qb3 Qb4 12. Qxb4 Bxb4 13. g4 Bg6 14. Bb5 0-0-0 15. Bxc6 bxc6 16. Ne5 Kb7 17. Be3 Nd5 18. Rac1 Nxe3 19. fxe3 f6 20. Nxg6 hxg6 21. Kg2 f5 22. Rc2 Rh4 23. Na4 Rdh8 24. Rf3 fxg4 25. Rf7+ Kb8 26. Rxc6 gxh3+ 27. Kh1 Ba5 28. Nc5 Rg4 29. Nd7+ Ka8 30. Nf8 Kb8 31. Rxe6 Bc7 32. Re8+ Kb7 33. Rxc7+ Kxc7 34. Ne6+ Kd6 35. Rxh8 Kxe6 36. Rxh3 Kf5 37. Kh2 g5 38. Rg3 Rh4+ 39. Kg2 g4 40. b4 g5 41. a4 Rh7 42. Kf2 1/2-1/2

[Event "Oberwart op"]
[Site "Oberwart"]
[Date "2011.07.15"]
[Round "7"]
[White "Wetscherek, Gerhard"]
[Black "Matt, Fabian"]
[Result "1/2-1/2"]
[WhiteElo "2123"]
[BlackElo "2188"]
[PlyCount "51"]
[EventDate "2011.07.09"]
[EventType "swiss"]
[EventRounds "9"]
[EventCountry "AUT"]
[SourceTitle "CBM 143 Extra"]
[Source "ChessBase"]
[SourceDate "2011.08.29"]
[SourceVersion "1"]
[SourceVersionDate "2011.08.29"]
[SourceQuality "1"]

1. e4 e5 2. Nf3 Nf6 3. Nxe5 d6 4. Nf3 Nxe4 5. d4 d5 6. Bd3 Be7 7. 0-0 0-0 8. Re1 Nf6 9. Bg5 Bg4 10. Nbd2 Nbd7 11. c3 h6 12. Bh4 c5 13. dxc5 Nxc5 14. Nb3 Nce4 15. Bxf6 Nxf6 16. Nbd4 a6 17. Qb3 Qc7 18. h3 Bxf3 19. Nxf3 Rfe8 20. Re2 Bd6 21. Rae1 Qd7 22. Kf1 Kf8 23. Bb1 Rxe2 24. Rxe2 Re8 25. Rxe8+ Kxe8 26. Bd3 1/2-1/2

[Event "Niederoesterreich Landesliga 1011"]
[Site "Austria"]
[Date "2011.01.09"]
[Round "8.1"]
[White "Lendwai, Reinhard"]
[Black "Wetscherek, Gerhard"]
[Result "1-0"]
[WhiteElo "2386"]
[BlackElo "2130"]
[PlyCount "89"]
[EventDate "2010.09.12"]
[EventType "team-tourn"]
[EventRounds "13"]
[EventCountry "AUT"]
[SourceTitle "EXT 2022"]
[Source "ChessBase"]
[SourceDate "2021.10.06"]
[SourceVersion "1"]
[SourceVersionDate "2021.10.06"]
[SourceQuality "1"]

1. d4 Nf6 2. Nf3 d6 3. Nc3 Bg4 4. e4 Nbd7 5. Be3 c6 6. Be2 Qc7 7. h3 Bxf3 8. Bxf3 e5 9. g4 h6 10. h4 0-0-0 11. g5 hxg5 12. hxg5 Rxh1+ 13. Bxh1 Ne8 14. Qe2 Kb8 15. 0-0-0 g6 16. d5 Ka8 17. Kb1 Nb6 18. Bg2 Bg7 19. a4 f6 20. a5 Nd7 21. a6 Rb8 22. b3 c5 23. Bf1 fxg5 24. Bxg5 Nef6 25. Qb5 Ng4 26. Bh3 Ndf6 27. Rf1 Bh6 28. Bh4 Bd2 29. Qd3 Bxc3 30. Qxc3 bxa6 31. f3 Qh7 32. Qe1 g5 33. fxg4 gxh4 34. Rxf6 Qg7 35. Rxd6 Qg5 36. Rxa6 Qf4 37. g5 Qg3 38. Qxg3 hxg3 39. Rh6 Rg8 40. g6 Kb8 41. Kc1 c4 42. Kd2 a5 43. Ke3 Rg7 44. Rh8+ Kc7 45. Rh7 1-0

[Event "Niederoesterreich Landesliga 1011"]
[Site "Austria"]
[Date "2010.12.12"]
[Round "7"]
[White "Schneider Zinner, Harald"]
[Black "Wetscherek, Gerhard"]
[Result "1-0"]
[WhiteElo "2318"]
[BlackElo "2130"]
[PlyCount "53"]
[EventDate "2010.09.12"]
[EventType "team-tourn"]
[EventRounds "13"]
[EventCountry "AUT"]
[SourceTitle "EXT 2022"]
[Source "ChessBase"]
[SourceDate "2021.10.06"]
[SourceVersion "1"]
[SourceVersionDate "2021.10.06"]
[SourceQuality "1"]

1. d4 Nf6 2. c4 c6 3. Nc3 d5 4. Nf3 g6 5. Bg5 Bg7 6. e3 0-0 7. Bd3 Bg4 8. 0-0 Nbd7 9. cxd5 cxd5 10. h3 Bxf3 11. Qxf3 Qa5 12. a3 e6 13. b4 Qb6 14. Na4 Qc6 15. Nc5 Nxc5 16. bxc5 Ne4 17. Bxe4 dxe4 18. Qe2 Rae8 19. Rfd1 h6 20. Bf4 f5 21. Rac1 Rf7 22. Qc4 Qd5 23. c6 bxc6 24. Qxc6 g5 25. Qxe8+ Rf8 26. Qg6 Qb3 27. Be5 1-0

[Event "Niederoesterreich Landesliga 1011"]
[Site "Austria"]
[Date "2010.09.26"]
[Round "2"]
[White "Woeber, Friedrich"]
[Black "Wetscherek, Gerhard"]
[Result "0-1"]
[WhiteElo "2142"]
[BlackElo "2130"]
[PlyCount "80"]
[EventDate "2010.09.12"]
[EventType "team-tourn"]
[EventRounds "13"]
[EventCountry "AUT"]
[SourceTitle "EXT 2022"]
[Source "ChessBase"]
[SourceDate "2021.10.06"]
[SourceVersion "1"]
[SourceVersionDate "2021.10.06"]
[SourceQuality "1"]

1. e4 d6 2. d4 Nf6 3. Nc3 g6 4. f4 Bg7 5. Nf3 c6 6. e5 Nd5 7. Nxd5 cxd5 8. Bd3 Nc6 9. c3 0-0 10. 0-0 Bg4 11. h3 Bxf3 12. Qxf3 e6 13. Be3 Rc8 14. Qg3 Na5 15. Rae1 a6 16. Kh1 Rc6 17. Qf3 b5 18. g4 dxe5 19. dxe5 Nc4 20. Bc1 Qh4 21. Re2 f6 22. b3 Nxe5 23. fxe5 fxe5 24. Qg2 Rxc3 25. Re3 Rxf1+ 26. Qxf1 e4 27. Bb1 Rc8 28. Qe1 Qf6 29. Bd2 Qd4 30. g5 Be5 31. Qe2 Bf4 32. Qg4 Qe5 33. Re2 Bxd2 34. Rxd2 Rc1+ 35. Rd1 Rxd1+ 36. Qxd1 Qxg5 37. Qc2 Qe5 38. Qc8+ Kg7 39. Qb7+ Kh6 40. Kg2 Qb2+ 0-1

[Event "Niederoesterreich Landesliga 0910"]
[Site "Austria"]
[Date "2010.03.14"]
[Round "10"]
[White "Wetscherek, Gerhard"]
[Black "Kranzl, Peter"]
[Result "1/2-1/2"]
[WhiteElo "2136"]
[BlackElo "2264"]
[PlyCount "72"]
[EventDate "2009.09.06"]
[EventType "team-tourn"]
[EventRounds "11"]
[EventCountry "AUT"]
[SourceTitle "EXT 2022"]
[Source "ChessBase"]
[SourceDate "2021.10.06"]
[SourceVersion "1"]
[SourceVersionDate "2021.10.06"]
[SourceQuality "1"]

1. e4 c6 2. d4 d5 3. e5 Bf5 4. h4 h5 5. Bd3 Bxd3 6. Qxd3 e6 7. Nf3 Qb6 8. Nc3 Ne7 9. Ne2 Nd7 10. 0-0 c5 11. c3 cxd4 12. cxd4 Nc6 13. Ng5 Nb4 14. Qc3 Qc6 15. Bd2 Qxc3 16. Bxc3 Nc6 17. a3 Nb6 18. Rfd1 Be7 19. Nf4 Bxg5 20. hxg5 g6 21. Rd3 Rc8 22. Kf1 Ne7 23. b3 Nf5 24. Ke2 Rc6 25. Rc1 Nc8 26. Bb2 Rxc1 27. Bxc1 Kd7 28. Rd1 Nfe7 29. Kd3 Nc6 30. Be3 Na5 31. Rb1 Re8 32. Bd2 Nc6 33. Ne2 b6 34. Rc1 a5 35. Be3 Rh8 36. Nc3 N8a7 1/2-1/2